000 00415pab a2200145 454500
008 180718b1997 xxu||||| |||| 00| 0 eng d
245 _aVALUES, ethics and professionalism in the public service: special issue
260 _c1997
300 _ap.291-394
362 _aSep
650 _aCivil service ethics
650 _aCivil service
773 _aInternational Review of Administrative Sciences
909 _a36555
999 _c36555
_d36555